Percepción y miedo al crimen: revisión de artículos en español 2004-2014/
Salvato in:
| Autore principale: | |
|---|---|
| Altri autori: | |
| Natura: | Libro |
| Lingua: | Spanish |
| Tags: |
Aggiungi Tag
Nessun Tag, puoi essere il primo ad aggiungerne!!
|
MARC
| LEADER | 00000nam a22000007a 4500 | ||
|---|---|---|---|
| 003 | cru CIDCACS/IIS | ||
| 005 | 20170804143301.0 | ||
| 007 | ta | ||
| 008 | 170804s2016 cr |||p|r|||| 00| 0 spa d | ||
| 999 | |c 19548 |d 19548 | ||
| 040 | |c cru CIDCACS/IIS | ||
| 100 | 1 | |9 5103 |a García-Castro, Juan Diego | |
| 245 | 1 | |a Percepción y miedo al crimen: |b revisión de artículos en español 2004-2014/ |c Juan Diego García-Castro, Beatriz Barrantes Umaña | |
| 300 | |a páginas 83-100: |b tablas | ||
| 700 | 1 | |9 5104 |a Barrantes Umaña, Beatriz | |
| 773 | 0 | |0 19529 |9 1076 |a Universidad de Costa Rica. |d San José, Costa Rica: Editorial de la Universidad de Costa Rica, ago. 1992- |o 17918 |t Reflexiones / | |
| 942 | |2 ddc |c PP | ||
